Selected Poems of Thomas Hardy

שמור ב:
מידע ביבליוגרפי
מחבר ראשי: Hardy, Thomas
פורמט: ספר
שפה:Undetermined
יצא לאור: New York, Estados Unidos Collier Books 1966
נושאים:
תגים: הוספת תג
אין תגיות, היה/י הראשונ/ה לתייג את הרשומה!

MARC

LEADER 00000nam a2200000Ia 4500
008 170316s9999 xx 000 0 und d
040 |a cru BVZT 
090 |a 820 H-3s 
100 |a Hardy, Thomas 
245 |a Selected Poems of Thomas Hardy 
260 |a New York, Estados Unidos 
260 |b Collier Books 
260 |c 1966 
300 |a 134 páginas 
650 |a LITERATURA INGLESA 
999 |c 6947  |d 6947 
942 |c 15 D  |h 820 H-3s  |2 z